00899nam a2200229 i 4500003000900000005001700009007000300026008004100029020001800070040003000088082001400118100004000132245013600172264003600308300003700344336002700381337003300408338002800441500010600469500006600575504002800641DO-SdBNP20231206134354.0ta100322s2019 dr c 000 0 spaeng d a9789945804201 aDO-SdBNPbspacBNPHUerda 4bR789a2221 aRosario Fernández, Reina Cristina10aAportes de Abigaíl Mejía a la historiografía dominicana :buna feminista volando alto con las alas de Clío /cReina Rosario aSanto Domingo :bCocolo,c2019. a93 páginas :bretratosc23 cm. 2rdacontentatextobtxt 2rdamediaasin mediaciónbn 2rdacarrieravolumenbnc aIncluye datos biográficos de la autora y referencia bibliográficas y notas al pie de las página aDiscurso de ingreso a la Academia Dominicana de la Historia.  aBibliografia : p. 87-89